000 00202nam a2200085Ia 4500
008 170617s9999 xx 000 0 und d
100 _aVYAS- S.P.
245 0 _aADV. LIBOSOMAL THERAPENTICS
260 _bNEW DELHI- CBS
260 _c2012
999 _c15490
_d15490